[Event "IECC O-2197"]
[Site "IECC email"]
[Date "2005.04.21"]
[Round "?"]
[White "Fu, Frank"]
[Black "Lindsey, Craig"]
[Result "0-1"]
[WhiteElo "1320"]
[BlackElo "1497"]
[PlyCount "44"]
[EventDate "2005.??.??"]
[EventType "swiss (corr)"]
[EventRounds "2"]
[SourceTitle "Corr 2020"]
[Source "ChessBase"]
[SourceDate "2019.09.30"]
[SourceVersion "1"]
[SourceVersionDate "2019.09.30"]
[SourceQuality "1"]
[WhiteTeam "United States"]
[BlackTeam "United States"]
[WhiteTeamCountry "USA"]
[BlackTeamCountry "USA"]

1. e4 e5 2. Nf3 Nc6 3. Bc4 Bc5 4. Nc3 Nf6 5. 0-0 0-0 6. d3 d6 7. h3 Na5 8. Bg5 Nxc4 9. dxc4 h6 10. Bh4 g5 11. Bg3 a6 12. Re1 Be6 13. Nd5 c6 14. Nxf6+ Qxf6 15. Qd3 b5 16. cxb5 axb5 17. b3 Ra3 18. Qd2 Bxh3 19. Nxg5 Bxg2 20. Nxf7 Qxf7 21. Kxg2 Qf3+ 22. Kf1 Qxg3 0-1

[Event "IECC M-5178"]
[Site "IECC email"]
[Date "2004.12.30"]
[Round "?"]
[White "Fu, Frank"]
[Black "Kinna, Michael"]
[Result "1-0"]
[WhiteElo "1314"]
[BlackElo "1208"]
[PlyCount "55"]
[EventDate "2004.??.??"]
[EventType "tourn (corr)"]
[EventRounds "10"]
[SourceTitle "Corr 2020"]
[Source "ChessBase"]
[SourceDate "2019.09.30"]
[SourceVersion "1"]
[SourceVersionDate "2019.09.30"]
[SourceQuality "1"]
[WhiteTeam "United States"]
[BlackTeam "Australia"]
[WhiteTeamCountry "USA"]
[BlackTeamCountry "AUS"]

1. e4 c5 2. Nf3 e6 3. d4 cxd4 4. Nxd4 Nf6 5. Nc3 Nc6 6. a3 Bc5 7. Nxc6 bxc6 8. Bg5 0-0 9. e5 Qb6 10. exf6 Bxf2+ 11. Ke2 g6 12. Ne4 Bd4 13. Bc1 Ba6+ 14. Kf3 Bxf1 15. Rxf1 d5 16. Nd2 Bxf6 17. c3 e5 18. Qb3 e4+ 19. Ke2 Qa6+ 20. Ke1 Bg5 21. Nxe4 Rae8 22. Bxg5 Rxe4+ 23. Kf2 Qe2+ 24. Kg1 Rg4 25. Rf2 Qe4 26. Bh6 Re8 27. Qb7 Rh4 28. Qxf7+ 1-0

[Event "IECC O-2115"]
[Site "IECC email"]
[Date "2004.11.25"]
[Round "?"]
[White "Beatty, Vincent"]
[Black "Fu, Frank"]
[Result "1/2-1/2"]
[WhiteElo "1295"]
[BlackElo "1261"]
[PlyCount "82"]
[EventDate "2004.??.??"]
[EventType "swiss (corr)"]
[EventRounds "2"]
[SourceTitle "Corr 2020"]
[Source "ChessBase"]
[SourceDate "2019.09.30"]
[SourceVersion "1"]
[SourceVersionDate "2019.09.30"]
[SourceQuality "1"]
[WhiteTeam "United States"]
[BlackTeam "United States"]
[WhiteTeamCountry "USA"]
[BlackTeamCountry "USA"]

1. e4 e5 2. Nf3 Nc6 3. Bb5 Nf6 4. Bxc6 dxc6 5. Nc3 Bd6 6. d4 Qe7 7. dxe5 Bxe5 8. Nxe5 Qxe5 9. 0-0 Bd7 10. Qf3 0-0-0 11. Bf4 Qa5 12. e5 Nd5 13. Nxd5 Qxd5 14. Qxd5 cxd5 15. Bd2 Bf5 16. c3 d4 17. cxd4 Rxd4 18. Bc3 Rd3 19. Rad1 Rhd8 20. Rxd3 Rxd3 21. f4 g6 22. h3 h5 23. Rf2 c5 24. Rd2 Rxd2 25. Bxd2 b5 26. Be3 c4 27. Bxa7 Kb7 28. Bc5 Kc6 29. Bb4 Kd5 30. Kf2 Ke4 31. Bd2 g5 32. fxg5 Kxe5 33. g4 hxg4 34. hxg4 Bg6 35. Kg3 Bh5 36. a3 Bg6 37. Be1 Ke4 38. Kg2 Kf4 39. Bg3+ Ke4 40. Kf2 Kd4 41. Kg2 Ke4 1/2-1/2

[Event "IECC M email"]
[Site "IECC email"]
[Date "2002.12.08"]
[Round "?"]
[White "Theofel, Heiner"]
[Black "Fu, Frank"]
[Result "1/2-1/2"]
[WhiteElo "1388"]
[BlackElo "1230"]
[PlyCount "71"]
[EventDate "2002.??.??"]
[EventType "tourn (corr)"]
[EventRounds "6"]
[SourceTitle "Corr 2008"]
[Source "ChessBase"]
[SourceDate "2008.06.24"]
[SourceVersion "1"]
[SourceVersionDate "2008.06.24"]
[SourceQuality "1"]

1. d4 d5 2. c4 Nf6 3. Nc3 Nc6 4. cxd5 Nxd5 5. e4 Nxc3 6. bxc3 Qd6 7. Ne2 e6 8. a4 Be7 9. Ba3 Qd7 10. Bxe7 Qxe7 11. Ng3 0-0 12. e5 f6 13. f4 fxe5 14. fxe5 Qf7 15. Qc2 Qf4 16. Bd3 Qe3+ 17. Qe2 Qxe2+ 18. Kxe2 Ne7 19. Rhf1 Bd7 20. Ne4 Nd5 21. g3 Rxf1 22. Rxf1 b6 23. Bc2 Bc6 24. Bb3 h6 25. Kd3 Rf8 26. Rxf8+ Kxf8 27. h4 Ne7 28. Bxe6 Bxa4 29. c4 a5 30. d5 Ng6 31. Kd4 c5+ 32. dxc6 Bxc6 33. Bd5 Ne7 34. Bxc6 Nxc6+ 35. Kd5 Ne7+ 36. Kd6 1/2-1/2